000 004170000a22001690004500
003 MACL
005 20150804155757.0
008 150804b xxu||||| |||| 00| 0 eng d
040 _aMACL
_cMACL
041 _aEnglish
082 _a370
100 _aDanda, Ajit K
_94695
245 _aTribal Education in India
260 _bAnthropological Survey
_c1984
_aCalcutta
650 _aEducation
_94696
942 _cBK
_k370
_2ddc
999 _c6240
_d6240